Mers qui touchent le plus grand nombre de pays - Statistiques

Statistiques générales
  • Ce quiz a été pris 17 437 fois
  • Le résultat moyen est 7 sur 13
Statistiques - réponses
N ° Mer % Correct
21 Mer Méditerranée
95%
6 Mer Noire
91%
7 Mer Rouge
88%
7 Mer du Nord
78%
5 Mer Caspienne
66%
9 Mer Baltique
63%
25 Mer des Caraïbes
58%
6 Mer Adriatique
50%
4 Mer du Japon
42%
7 Mer d'Arabie
28%
10 Mer de Chine méridionale
25%
4 Mer de Chine orientale
20%
5 Mer de Corail
12%
Aucun quiz correspondant
Distribution des résultats
% des personnes avec chaque résultat
Percentile par nombre de réponses
Votre historique - résultats
Vous n’avez pas pris ce quiz